| 000 | 00858 a2200253 4500 | ||
|---|---|---|---|
| 999 |
_c11135 _d11135 |
||
| 020 | _a9781429216326 | ||
| 020 | _a1429216328 | ||
| 050 | 0 | 0 |
_aR726.5 _bSTR 2012 |
| 100 | 1 |
_aStraub, Richard O. _eauthor |
|
| 245 | 1 | 0 |
_aHealth psychology : _ba biopsychosocial approach / _cRichard O. Straub. |
| 250 | _athird edition | ||
| 264 |
_aWorth Publishers : _bNew York, _c2012 |
||
| 300 |
_a499 pages _billustrations |
||
| 336 |
_2rdacontent _atext _btxt |
||
| 337 |
_2rdamedia _aunmediated _bn |
||
| 338 |
_2rdacontent _avolume _bnc |
||
| 504 | _aIncludes bibliographical references and index. | ||
| 650 | 0 | _aClinical health psychology. | |
| 650 | 0 | _aHealth behavior. | |
| 650 | 0 | _aSocial medicine. | |
| 942 |
_2lcc _cBK _h726.5 _iSTR _kR |
||